| 000 | 01128cam a22002895a 4500 | ||
|---|---|---|---|
| 001 | 17868173 | ||
| 005 | 20151019151902.0 | ||
| 008 | 130828t2014 enka frbd 001 0 eng d | ||
| 020 | _a0199666008 | ||
| 020 | _a9780199666003 (pbk.) | ||
| 040 |
_aDLC _beng _cDLC _dEG-ScBUE |
||
| 082 | 0 | 4 |
_a320.91724 _222 _bPOL |
| 245 | 0 | 0 |
_aPolitics in the developing world / _cedited by Peter Burnell, Lise Rakner, Vicky Randall. |
| 250 | _a4th ed. | ||
| 260 |
_aOxford : _bOxford University Press, _cc.2014. |
||
| 300 |
_axxxi, 452 p. : _bill. ; _c25 cm. |
||
| 500 | _aOnline resource centre accompanies this book provides you with ready to use learning materials on this link: http://www.oxfordtextbooks.co.uk/orc/burnell4e/ | ||
| 500 | _aGlossary : p. 412-420. | ||
| 500 | _aIndex : p. 441-452. | ||
| 504 | _aBibliography : p. 421-440. | ||
| 651 | 7 |
_aDeveloping countries _xPolitics and government. _2BUEsh _922205 |
|
| 653 |
_bBUSBOL _cJune2015 _cOctober2015 |
||
| 700 | 1 |
_aBurnell, Peter J., _eeditor. _923682 |
|
| 700 | 1 |
_aRandall, Vicky, _eeditor. _923683 |
|
| 700 | 1 |
_aRakner, Lise, _eeditor. _933188 |
|
| 942 |
_2ddc _k320.91724 POL |
||
| 999 |
_c19860 _d19832 |
||